MAASAI MARA UNIVERSITY

LIBRARY CATALOGUE

Contact Us: +254 020 2685356/7 or 0774 057787

Box: 861-20500, NAROK, KENYA

Email: info@mmarau.ac.ke

_Lab Manual for Network +gide to Networks[ 4th ed.] (Record no. 13669)

MARC details
000 -LEADER
fixed length control field 00378nam a2200133Ia 4500
008 - FIXED-LENGTH DATA ELEMENTS--GENERAL INFORMATION
fixed length control field 151021s9999 xx 000 0 und d
020 ## - INTERNATIONAL STANDARD BOOK NUMBER
International Standard Book Number 9.7806192174e+012
050 ## - LIBRARY OF CONGRESS CALL NUMBER
Classification number TK 5105.5.G735 2002
245 ## - TITLE STATEMENT
Title _Lab Manual for Network +gide to Networks[ 4th ed.]
260 ## - PUBLICATION, DISTRIBUTION, ETC. (IMPRINT)
Place of publication, distribution, etc. USA Thomson 2002
300 ## - PHYSICAL DESCRIPTION
Extent x,376p.
650 ## - SUBJECT ADDED ENTRY--TOPICAL TERM
Topical term or geographic name as entry element _Networking
980 ## - EQUIVALENCE OR CROSS-REFERENCE-SERIES STATEMENT--PERSONAL NAME/TITLE [LOCAL, CANADA]
Personal name ^d20130523 11:28:52^oanne

No items available.

© 2016 Maasai Mara University.